000 00695nam a2200241Ia 4500
003 OSt
005 20220927110459.0
006 a|||||r|||| 00| 0
007 ta
008 220926b |||||||| |||| 00| 0 eng d
024 _a106855
037 _cReports
040 _aRTL
_cRTL
_beng
041 _2eng
_aeng
082 _a"X9(J451).29W.N6t4, K1"
110 _aNational Council Of Applied Economic Research
245 0 _aEconomically weak tea gardens in North East India
260 _c1961
650 _aAgriculture Industry - Tea
700 _aNational Council Of Applied Economic Research
942 _h"X9(J451).29W.N6t4, K1"
_cCC
999 _c696959
_d696959